000 00607nam a2200241 4500
003 OSt
005 20180116183011.0
008 150908b xxu||||| |||| 00| 0 eng d
020 _a9780170216388
022 _a9780170216388
040 _c0
050 _a808.06665
082 _a808.06665
100 _aEmerson,Lisa.
245 _aWriting Guidelines for Business Students.
_cLisa Emerson.
250 _a5th.
260 _aAustralia.
_bCengage Learning.
_c2013.
300 _a145p.
500 _aPaper Cover
600 _aEmerson,Lisa.
700 _aEmerson,Lisa.
942 _2ddc
_cBK
_k808.06665
999 _c350295
_d350295